Sanat - "Lopeta" - Tiktak - Statistics

Yleistilastot
  • Tätä visaa on pelattu 241 kertaa
  • Keskiarvotulos 107 / 157
Vastaustilastot
Sanat % Oikein
lopeta,
100%
lopeta!
100%
93%
93%
e-
92%
e
92%
Et
91%
et
91%
Et'
91%
jo
91%
saa
90%
Saa
90%
Mua
88%
susta
87%
Hei
86%
hei
86%
se
85%
ja
82%
mee
82%
muu
82%
sun
82%
Sun
82%
Joka
81%
joku
81%
kiinnostuu
81%
vois
81%
ymmärtää
81%
Etsi
80%
välittämään
79%
pitäis
78%
Siis
77%
en
70%
En
70%
en,
70%
ei
68%
oo
65%
sua
60%
pois
57%
mun
54%
sen,
54%
elämään
51%
kun
51%
tahdo
51%
oot
49%
jota
46%
Mikset
46%
pysty
46%
kiinnosta
44%
kummallinen
44%
etsin,
42%
järkee
40%
kiinnostunut
40%
lähtee
40%
lähtee,
40%
Tajuu
40%
tajuu
40%
tuu
40%
i,
38%
-i
38%
käsittään
37%
käytä
37%
nään
37%
paikalles
37%
Käännyn,
36%
Kuulit
36%
luokses
36%
oikein,
36%
Täältä
36%
täytyy
36%
jäät
35%
Kerroin
35%
kuljen
34%
kuitenkaan
32%
mitään
32%
ee-
31%
ymmärtämään
31%
aikaan
30%
suostu
30%
kelaat,
29%
turhaan
29%
täällä
27%
se jo
19%
Hee-
13%
Ehtoja vastaavia visoja ei löytynyt
Tulosjakauma
Jokaisen tuloksen saaneiden osuus
Persentiili vastausten määrän mukaan
Tuloshistoriasi
Et ole pelannut tätä visaa